| 000 | 01292nam a2200229 4500 | ||
|---|---|---|---|
| 020 | _a9960897710 | ||
| 040 | _cPK-NSHS | ||
| 082 |
_a297.63 _bABU |
||
| 100 |
_aAbu Khalil, Shawqi, _9113222 |
||
| 245 |
_aAtlas on the prophets (P.B.U.H) biography/ _bAn Authentic Collection of Iformation on Proophet's Seerah With Maps, Illustrations & Pictures: _cShawqi Abu Khalil |
||
| 260 |
_aRiyadh: _bDar-us-Salam Publications, _c2003. |
||
| 300 |
_a292 pages : _billustrations, maps ; |
||
| 500 | _aDC010825 | ||
| 520 | _aThis book rounds up a series of atlases, written and compiled by the author in the same pattern. It reviews the biography of the Prophet (S) and tracks the places he honored by his visits, the battles he fought, and the expeditions and envoys he directed. The book presents all the required maps, illustrations, drawings and pictures. Briefings and excerpts have been added to the pictures and drawings for better understanding, benefit and satisfaction of the readers. | ||
| 546 | _aIn English | ||
| 600 |
_aMuhammad, prophet (PBUH) -- biography. _9130290 |
||
| 650 |
_aMuhammad, Prophet -- Biography. _9130291 |
||
| 650 |
_aIslam-- History. _937202 |
||
| 650 |
_aMuhammad, Prophet -- Wars. _9130292 |
||
| 942 |
_2ddc _cBK |
||
| 999 |
_c614517 _d614517 |
||